Statistics for Taylor Swift Lyrics: Love Story

Click here to take the quiz!

General Stats

  • This quiz has been taken 10,335 times
  • The average score is 62 of 73

Answer Stats

Hint Answer % Correct
We were bothyoung
99%
when I first sawyou
99%
I close myeyes
99%
and I'm standingthere
95%
begging you please don'tgo
93%
On a balcony in summerair
93%
Baby just sayyes
93%
It's a lovestory
93%
You'll be theprince
93%
Romeo take me somewhere we can bealone
93%
and I'll be theprincess
92%
and Isaid
92%
and my daddy said stay away fromJuliet
92%
and the flashbackstarts
92%
I was begging you please don'tgo
90%
Romeo take me somewhere
we can be
alone
90%
and sayhello
90%
I'll bewaiting
90%
so close youreyes
89%
But you were everything tome
89%
You'll be theprince
89%
and I'll be theprincess
89%
It's a lovestory
89%
Baby just sayyes
89%
and my daddy said stay away fromJuliet
89%
and Isaid
89%
see you make your way through thecrowd
89%
to seeyou
89%
little did I know that you wereRomeo
89%
baby just sayyes
88%
for a littlewhile
88%
All that's left do isrun
88%
it's a lovestory
87%
see thelights
87%
see theparty
87%
I'll bewaiting
87%
And I was crying on thestaircase
86%
you were throwingpebbles
86%
all that's left to do isrun
86%
I got tired ofwaiting
84%
We keepquiet
84%
So I sneak out to thegarden
83%
and pulls out aring
83%
Cause weredead
83%
if theyknew
83%
me Juliet, you'll never have to bealone
83%
And saysMarry
82%
Romeo save me, they're trying
to tell me how to
feel
82%
but it'sreal
82%
Don't beafraid
82%
He kneels to theground
82%
Know, I talked to yourDad
82%
It's a love story baby just sayyes
82%
of town and I saidRomeo
82%
go pick out a whitedress
82%
when I first sawYou
81%
Escape thistown
81%
Type in Love Story to win :)Love Story
80%
Cause we were bothyoung
80%
is this in myhead
79%
we'll make it out of thismess
79%
This love isdifficult
79%
wondering if you were ever comingaround
79%
I love you and that's all Ireally
78%
so alone, I keep waiting for youbut
78%
you nevercome
78%
save me I've beenfeeling
78%
my faith in you isfading
77%
theballgowns
77%
I don't know what tothink
76%
when I met you on theoutskirts
75%
Oh, oh, oh,oh
73%
Cause you were Romeo and
I was the
Scarlet Letter
69%

Score Distribution

Percentile by Number Answered

Percent of People with Each Score

Your Score History

You have not taken this quiz